British Car Brands - Statistics

General Stats
  • This quiz has been taken 225 times
  • The average score is 8 of 12
Answers on the Grid
Answers color-coded by a green-red scale on the quiz's grid according to % correct below.
Chevrolet
Aston Martin
Mini
Microcar
Bowler
Lexus
Rolls Royce
Jaguar
Jensen
Aixam
TVR
Lotus
Maxus
FAW
Bentley
Venturi
Caterham
Radical
BAC
Zastava
 
Answer Stats
Answer % Correct
Aston Martin
93%
Mini
91%
Rolls Royce
86%
Bentley
82%
Jaguar
82%
Lotus
72%
Caterham
60%
TVR
49%
BAC
40%
Bowler
39%
Jensen
35%
Radical
30%
No matching quizzes found
Score Distribution
Percent of People with Each Score
Percentile by Number Answered
Your Score History
You have not taken this quiz